| 000 | 01142nam0a22002651 4500 | ||
|---|---|---|---|
| 001 | rc\961381 | ||
| 005 | 20041129100505.8 | ||
| 035 | _a(NLR Aleph) 006131054 | ||
| 090 |
_a5561965 _c5561965 |
||
| 100 | _a20041129d1982 u |0rusy50 ca | ||
| 101 | 0 | _arus | |
| 102 | _aRU | ||
| 105 | _aa ||||||||| | ||
| 200 | 1 |
_aСтроительные свойства грунта и расчет несущей способности и осадок фундаментов _e[Сб. статей] _fПод ред. д. т. н. В.А. Ильичева |
|
| 210 |
_aМ. _cВНИИИС _d1982 |
||
| 215 |
_a162 с. _cил. _d20 |
||
| 225 | 1 |
_aТруды Института _fНИИ оснований и подзем. сооружений им. Н.М. Герсеванова. Отд. пат. исслед. и НТИ _vВып. 78 |
|
| 300 | _aВ надзаг. также: Госстрой СССР | ||
| 320 | _aБиблиогр. в конце статей | ||
| 702 | 1 |
_aИльичев _bВ. А. _gВячеслав Александрович _4340 |
|
| 801 | 0 |
_aRU _bNLR _gpsbo |
|
| 801 | 1 |
_aRU _bELAR _2rusmarc |
|
| 852 |
_aNLR _jП10/672 |
||
| 942 | _cBOOK | ||
| 980 | _aNB | ||